Ján Pavol II.: Dvadsať rokov v pápežskej službe

Podrobná bibliografia
Hlavný autor: Kittler, Juraj, 1965- (Autor)
Médium: Článok
Jazyk:slovenčina
Fyzický popis:Fotogr.
Predmet:

MARC

LEADER 00000nab a2200000 a 4500
001 vtls000676841
003 SK-MaSNL
005 20260303194756.0
008 040806c1998 xo 0 slo
015 |a SNBRB1998/10-30001 
035 |a CLN000029011 
040 |a SNKBUCL  |b slo  |c SNKBUCL  |e AACR2 
041 0 |a slo 
044 |a xo  |c SK 
080 |a 2-051  |2 UDC-MRF-SK2 
080 |a 262.13  |2 UDC-MRF-SK2 
080 |a 929 Ján Pavol II.  |2 UDC-MRF-SK2 
100 1 |a Kittler, Juraj,  |d 1965-  |4 aut  |9 104630 
245 1 0 |a Ján Pavol II.: Dvadsať rokov v pápežskej službe  |c Juraj Kittler 
300 |b Fotogr. 
600 0 7 |a Ján Pavol  |b II.,  |c pápež,  |d 1920-2005  |2 snkbucl  |9 106999 
610 2 7 |a Katolícka cirkev.  |b Pápež (1978-2005 : Ján Pavol II.)  |2 snkbucl  |9 114944 
650 0 7 |a pontifikáty  |2 snkbucl  |9 25591 
655 7 |a články z novín a časopisov  |2 snkbucl  |9 267496 
773 0 |t Sme  |g Roč. 6 a 51, č. 238 (15.10.1998), s. 5 
850 |a Slovenská národná knižnica v Martine 
852 |a SNK  |b KIS3GCP 
999 |c 2159486  |d 2161416